Engineering drawing (Record no. 175546)
[ view plain ]
| 000 -LEADER | |
|---|---|
| fixed length control field | 00691 a2200181 4500 |
| 003 - CONTROL NUMBER IDENTIFIER | |
| control field | Nust |
| 005 - DATE AND TIME OF LATEST TRANSACTION | |
| control field | 20170207152506.0 |
| 020 ## - INTERNATIONAL STANDARD BOOK NUMBER | |
| International Standard Book Number | 070931763 |
| 040 ## - CATALOGING SOURCE | |
| Transcribing agency | Nust |
| 082 ## - DEWEY DECIMAL CLASSIFICATION NUMBER | |
| Classification number | 604.2 |
| 100 ## - MAIN ENTRY--PERSONAL NAME | |
| Personal name | Boundy, A. W. |
| 245 ## - TITLE STATEMENT | |
| Title | Engineering drawing |
| Statement of responsibility, etc. | Boundy, A. W. |
| 260 ## - PUBLICATION, DISTRIBUTION, ETC. | |
| Place of publication, distribution, etc. | New York |
| Name of publisher, distributor, etc. | McGraw-Hill |
| Date of publication, distribution, etc. | 1973c |
| 300 ## - PHYSICAL DESCRIPTION | |
| Extent | 221p, |
| 505 ## - FORMATTED CONTENTS NOTE | |
| Formatted contents note | Introduction And Standards Information (Page-1),Geometrical Constructions (Page-41),Orthographic Projection (Page-67),Auxiliary Views (Page-107), Pictorial Drawing(Page-127), Working Drawing(Page-143),Drawing Analysis (Page-165),Developments And Intersections Of Solids (Page-177). |
| 538 ## - SYSTEM DETAILS NOTE | |
| System details note | Almirah No.28 Shelf No.1 |
| 650 ## - SUBJECT ADDED ENTRY--TOPICAL TERM | |
| Topical term or geographic name entry element | Engineering drawing |
| 942 ## - ADDED ENTRY ELEMENTS (KOHA) | |
| Source of classification or shelving scheme | |
| Koha item type | Book |
| Withdrawn status | Lost status | Source of classification or shelving scheme | Damaged status | Not for loan | Permanent Location | Current Location | Shelving location | Date acquired | Full call number | Barcode | Date last seen | Price effective from | Koha item type | Public note | Total Checkouts |
|---|---|---|---|---|---|---|---|---|---|---|---|---|---|---|---|
| Military College of Signals (MCS) | Military College of Signals (MCS) | General Stacks | 12/12/2016 | 604.2,BOU | MCS32803 | 12/08/2016 | 12/12/2016 | Book | Almirah No.26, Shelf No.1 | ||||||
| Military College of Signals (MCS) | Military College of Signals (MCS) | General Stacks | 12/12/2016 | 604.2,BOU | MCS32804 | 12/08/2016 | 12/12/2016 | Book | Almirah No.26, Shelf No.1 | ||||||
| Military College of Signals (MCS) | Military College of Signals (MCS) | General Stacks | 10/17/2022 | 604.2,BOU | MCS32733 | 10/17/2022 | 10/17/2022 | Book | Almirah No.26 Shelf No.1 |
